00944nam a2200241 a 450000100100000000500170001000800410002702000150006804000250008308200130010824502570012126000480037830000340042650000480046050400280050870000210053670000230055770000260058070000230060670000310062970000240066070000180068400004196120201002035844.0131024s1997 xxuaf 001 0 spa d a0393045633 aDO-SdBNPbengcBNPHU axxxbxxx04aThe library of congress. :bthe art and architecture of the Thomas Jefferson Building /cedited, John Y. Cole, Henry Hope Reed; preface, Arthur Ross; foreword, James H. Billington; introductions, Daniel J. Boorstin, Brendan Gill; photography, Anne Day. aNew York, Estados Unidos, :bNorton,c1997. a320 p. :bil., lam. ;c31 cm. aIn association with the library of congress aBibliography p: 304-3051 aDay, Anneephot.1 aCole, John Y.eed.1 aHope Reed, Henryeed.1 aRoss, Arthurepre.1 aBillington, James H.efor.1 aBoorstin, Daniel J.1 aGill, Brendan